[Event "34th Chess Olympiad (men)"]
[Site "Istanbul"]
[Date "2000.10.29"]
[Round "2.17.4"]
[White "Bermudez, Sergio"]
[Black "Emms, John M"]
[WhiteElo "2185"]
[BlackElo "2527"]
[WhiteCountry "CRC"]
[BlackCountry "ENG"]
[Result "0-1"]

1. d4 Nf6 2. c4 e6 3. Nc3 Bb4 4. e3 O-O 5. Nf3 c5 6. Bd3 d5 7. O-O cxd4 
8. exd4 dxc4 9. Bxc4 b6 10. Qe2 Bb7 11. Bg5 Bxc3 12. bxc3 Nbd7 13. Rfd1 Rc8 
14. Rac1 Qc7 15. Bb3 Ne4 16. Qd3 Nxg5 17. Nxg5 Nf6 18. Nf3 Be4 19. Qe3 Qb7 
20. Ne1 b5 21. f3 Bg6 22. Qd3 Rc7 23. Rb1 Rd8 24. a4 a6 25. axb5 Rxc3 
26. f4 Rxd3 27. d5 exd5 28. h3 Rd7 29. Bc2 Rc7 30. Rb4 Rdc3 31. Rb2 Nh5 
32. f5 Nf4 33. Rd2 Rd3 34. Bd1 Nxh3+ 35. Kh2 Rf3 36. Bxf3 Nf4 37. g3 Rc3 
38. gxf4 Rxf3 39. Rf2 Rxf2+ 40. Rxf2 
0-1

[Event "34th Chess Olympiad (men)"]
[Site "Istanbul"]
[Date "2000.10.29"]
[Round "2.18.3"]
[White "Peng, Xiaomin"]
[Black "Kostenko, Petr"]
[WhiteElo "2657"]
[BlackElo "2466"]
[WhiteCountry "CHN"]
[BlackCountry "KAZ"]
[Result "1-0"]

1. e4 e5 2. Nf3 Nc6 3. Bb5 a6 4. Ba4 Nf6 5. O-O Bc5 6. c3 b5 7. d4 bxa4 
8. dxc5 Qe7 9. Qxa4 Qxc5 10. Be3 Qe7 11. Nbd2 O-O 12. Rfe1 Bb7 13. Nf1 d6 
14. Ng3 Qd7 15. Qc2 Ne7 16. h3 Qe6 17. c4 Nd7 18. Nd2 Qf5 19. exf5 Kh8 
20. c5 dxc5 21. Nb3 Bd5 22. Nxc5 c6 23. Rad1 Rfe8 24. Nge4 Nf6 25. f3 Bxe4 
26. Bg5 Nh5 27. fxe4 f6 28. Re3 Rab8 29. Bh4 Red8 30. b3 Rd3 31. Rexd3 Nf4 
32. Rd6 Rc8 33. Kf2 Kg8 34. Bg3 a5 35. Bxf4 exf4 36. Kf3 Kf7 37. a4 Kg8 
38. Rxf6 gxf6 39. Kg4 h5+ 40. Kxh5 Kf8 
1-0

[Event "34th Chess Olympiad (men)"]
[Site "Istanbul"]
[Date "2000.10.29"]
[Round "2.19.4"]
[White "Sutovsky, Emil"]
[Black "Nikolaidis, Ioannis"]
[WhiteElo "2609"]
[BlackElo "2515"]
[WhiteCountry "ISR"]
[BlackCountry "GRE"]
[Result "1/2-1/2"]

1. e4 g6 2. d4 Bg7 3. c3 d6 4. f4 Nf6 5. Bd3 e5 6. Nf3 exf4 7. Bxf4 O-O 
8. Nbd2 c5 9. O-O cxd4 10. cxd4 Nc6 11. Kh1 d5 12. e5 Nh5 13. Be3 f6 
14. Qb3 fxe5 15. Bg5 Nxd4 16. Nxd4 Rxf1+ 17. Rxf1 Qxg5 18. Qxd5+ Kh8 
19. Ne4 Nf4 20. Nxg5 Nxd5 21. Nf7+ Kg8 22. Bc4 Ne3 23. Nh6+ Kh8 24. Nf7+ Kg8 
25. Rg1 Bf8 26. Bf1 
1/2-1/2

[Event "34th Chess Olympiad (men)"]
[Site "Istanbul"]
[Date "2000.10.29"]
[Round "2.20.3"]
[White "Romanishin, Oleg M"]
[Black "Akesson, Ralf"]
[WhiteElo "2591"]
[BlackElo "2486"]
[WhiteCountry "UKR"]
[BlackCountry "SWE"]
[Result "1/2-1/2"]

1. d4 Nf6 2. Nf3 e6 3. g3 b5 4. Bg2 Bb7 5. Bg5 c5 6. c3 Be7 7. O-O cxd4 
8. cxd4 O-O 9. Qd3 a6 10. Nbd2 d6 11. Rfc1 Nbd7 12. Ne1 Bxg2 13. Nxg2 Qb6 
14. Rc2 Rfc8 15. Rac1 Rxc2 16. Rxc2 Nd5 17. Bxe7 Nxe7 18. a3 Rc8 19. Rxc8+ Nxc8 
20. Qc3 Qb7 21. Ne3 Ncb6 22. Qc2 
1/2-1/2

[Event "34th Chess Olympiad (men)"]
[Site "Istanbul"]
[Date "2000.10.29"]
[Round "2.20.4"]
[White "Brynell, Stellan"]
[Black "Malakhatko, Vadim"]
[WhiteElo "2484"]
[BlackElo "2568"]
[WhiteCountry "SWE"]
[BlackCountry "UKR"]
[Result "0-1"]

1. e4 c5 2. Nf3 e6 3. c3 Nf6 4. e5 Nd5 5. d4 cxd4 6. cxd4 d6 7. Bc4 Nb6 
8. Bd3 Nc6 9. O-O Nb4 10. Be2 dxe5 11. Nxe5 Bd7 12. Nc3 Be7 13. Bf3 Bc6 
14. Nxc6 bxc6 15. Bf4 O-O 16. Rc1 Rc8 17. a3 N4d5 18. Be5 Nd7 19. Qa4 Nxe5 
20. dxe5 Qb6 21. Qc2 g6 22. Na4 Qb8 23. Qe4 Rfd8 24. Rc2 Bf8 25. Be2 a5 
26. g3 Bg7 27. Ba6 Rc7 28. Rfc1 Ne7 29. Rc5 Rd5 30. Bc4 Rxc5 31. Nxc5 Ra7 
32. Nd3 Qb6 33. b3 Rd7 34. Kg2 h5 35. Qe3 Rd4 36. Rc2 Nf5 37. Qe1 c5 38. f3 Bh6 
39. Re2 a4 40. Nc1 axb3 
0-1

[Event "34th Chess Olympiad (men)"]
[Site "Istanbul"]
[Date "2000.10.29"]
[Round "2.21.1"]
[White "Delchev, Aleksander"]
[Black "Marin, Mihail"]
[WhiteElo "2557"]
[BlackElo "2557"]
[WhiteCountry "BUL"]
[BlackCountry "ROM"]
[Result "1/2-1/2"]

1. d4 Nf6 2. Nf3 e6 3. g3 b6 4. Bg2 Bb7 5. c4 Be7 6. O-O O-O 7. Re1 Na6 
8. Nc3 Ne4 9. Nxe4 Bxe4 10. d5 Bf6 11. Nd4 c5 12. Nb5 Bxg2 13. Kxg2 exd5 
14. Qxd5 Nb4 15. Qd1 a6 16. Nd6 b5 17. e4 bxc4 18. e5 Nd3 19. exf6 Qxf6 
20. Bf4 g5 21. Qg4 Nxf4+ 22. gxf4 Qxd6 23. Qxg5+ Qg6 
1/2-1/2

[Event "34th Chess Olympiad (men)"]
[Site "Istanbul"]
[Date "2000.10.29"]
[Round "2.21.2"]
[White "Rogozenko, Dorian"]
[Black "Kolev, Atanas"]
[WhiteElo "2531"]
[BlackElo "2582"]
[WhiteCountry "ROM"]
[BlackCountry "BUL"]
[Result "1/2-1/2"]

1. d4 Nf6 2. c4 e6 3. g3 d5 4. Nf3 dxc4 5. Bg2 Nc6 6. O-O Rb8 7. Nc3 b5 
8. e4 Be7 9. d5 exd5 10. exd5 Nb4 11. Ne5 Nd7 12. Qh5 Nc5 13. Be3 Be6 
14. Nd3 Nbxd3 15. Qe2 O-O 16. b3 Ra8 17. Qxd3 Nxd3 18. Rfe1 h6 19. Red1 Nb4 
20. Bf4 Nd3 21. h4 Bxh4 22. Kh1 Nxf4 23. Kg1 Nh3+ 24. Kh1 Nxf2+ 25. Kg1 Nxd1 
26. Rxd1 c6 27. dxc6 
1/2-1/2

[Event "34th Chess Olympiad (men)"]
[Site "Istanbul"]
[Date "2000.10.29"]
[Round "2.21.4"]
[White "Ionescu, Constantin"]
[Black "Stefanova, Antoaneta (im)"]
[WhiteElo "2492"]
[BlackElo "2514"]
[WhiteCountry "ROM"]
[BlackCountry "BUL"]
[Result "1-0"]

1. c4 b6 2. Nf3 Bb7 3. g3 e6 4. Bg2 Nf6 5. O-O Be7 6. Nc3 O-O 7. Re1 Ne4 
8. Nxe4 Bxe4 9. d3 Bb7 10. e4 d5 11. exd5 exd5 12. Ne5 Nd7 13. Bf4 Bb4 
14. Re2 Nxe5 15. Bxe5 f6 16. Bf4 Bd6 17. Bxd6 Qxd6 18. Qb3 Rad8 19. Rae1 Rd7 
20. Re6 Qc5 21. Qa4 Rdf7 22. Qa5 a6 23. Qxa6 c6 24. Qa7 Re8 25. cxd5 Ref8 
26. Rxf6 gxf6 
1-0

[Event "34th Chess Olympiad (men)"]
[Site "Istanbul"]
[Date "2000.10.29"]
[Round "2.22.2"]
[White "Piket, Jeroen"]
[Black "Nielsen, Peter"]
[WhiteElo "2649"]
[BlackElo "2578"]
[WhiteCountry "NED"]
[BlackCountry "DEN"]
[Result "1/2-1/2"]

1. d4 Nf6 2. c4 e6 3. Nc3 Bb4 4. e3 O-O 5. Bd3 d5 6. Nf3 c5 7. O-O cxd4 
8. exd4 dxc4 9. Bxc4 b6 10. Qe2 Bb7 11. Bf4 a6 12. Rac1 b5 13. Bd3 Nbd7 
14. h3 Rc8 15. Ne4 Qb6 16. Nxf6+ Nxf6 
1/2-1/2

[Event "34th Chess Olympiad (men)"]
[Site "Istanbul"]
[Date "2000.10.29"]
[Round "2.23.1"]
[White "Johansen, Darryl K"]
[Black "Markowski, Tomasz"]
[WhiteElo "2505"]
[BlackElo "2568"]
[WhiteCountry "AUS"]
[BlackCountry "POL"]
[Result "1-0"]

1. c4 e5 2. Nc3 d6 3. d4 exd4 4. Qxd4 Nc6 5. Qd2 Nf6 6. b3 a5 7. Bb2 Be7 
8. e3 O-O 9. Nge2 Ne5 10. Nf4 c6 11. Be2 Bf5 12. O-O Re8 13. Rfd1 Qc7 
14. Rac1 Rad8 15. Qe1 Bf8 16. Na4 Ned7 17. h3 h6 18. Bd4 b6 19. Bd3 Bxd3 
20. Nxd3 Qb7 21. Nf4 Ne4 22. Qe2 Ng5 23. Bb2 Ne6 24. Nh5 Rc8 25. Qg4 g6 
26. e4 Rcd8 27. h4 Rc8 28. g3 Qa6 29. Nc3 Qb7 30. Nd5 Red8 
1-0

[Event "34th Chess Olympiad (men)"]
[Site "Istanbul"]
[Date "2000.10.29"]
[Round "2.23.2"]
[White "Socko, Bartosz"]
[Black "Wohl, Aleksandar H"]
[WhiteElo "2528"]
[BlackElo "2461"]
[WhiteCountry "POL"]
[BlackCountry "AUS"]
[Result "1-0"]

1. Nf3 Nf6 2. g3 c5 3. Bg2 Nc6 4. O-O d5 5. d3 g6 6. a3 Bg7 7. Nc3 O-O 
8. Rb1 a6 9. Na4 Qa5 10. b3 Nd7 11. Nd2 e6 12. c4 b5 13. Bxd5 Bb7 14. Nb2 Rad8 
15. Bg2 Rfe8 16. Ne4 Qc7 17. Bg5 f6 18. Bf4 Nce5 19. b4 f5 20. Nxc5 Nxc5 
21. bxc5 Bxg2 22. Kxg2 Qxc5 23. Qb3 Nf7 24. Rfc1 Qe7 25. Rc3 Qf6 26. Bg5 
1-0

[Event "34th Chess Olympiad (men)"]
[Site "Istanbul"]
[Date "2000.10.29"]
[Round "2.23.3"]
[White "Zhao, Zong"]
[Black "Kempinski, Robert"]
[WhiteElo "2341"]
[BlackElo "2522"]
[WhiteCountry "AUS"]
[BlackCountry "POL"]
[Result "0-1"]

1. e4 c5 2. Nf3 d6 3. d4 cxd4 4. Nxd4 Nf6 5. Nc3 a6 6. Be3 Ng4 7. Bg5 h6 
8. Bh4 g5 9. Bg3 Bg7 10. Be2 h5 11. Nf5 Bxf5 12. exf5 Nf6 13. h4 gxh4 
14. Rxh4 Qa5 15. Bd3 Ng4 16. Kf1 Nc6 17. Kg1 O-O-O 18. Rb1 Be5 19. Bxe5 Qxe5 
20. Qe2 Qf6 21. Rh3 d5 22. Re1 e5 23. fxe6ep 
0-1

[Event "34th Chess Olympiad (men)"]
[Site "Istanbul"]
[Date "2000.10.29"]
[Round "2.24.1"]
[White "Kveinys, Aloyzas"]
[Black "Morovic, Fernandez Ivan"]
[WhiteElo "2522"]
[BlackElo "2608"]
[WhiteCountry "LTU"]
[BlackCountry "CRO"]
[Result "1/2-1/2"]

1. c4 Nf6 2. Nc3 e5 3. g3 Bb4 4. Bg2 O-O 5. d3 Re8 6. Bd2 c6 7. a3 Bxc3 
8. Bxc3 d5 9. cxd5 cxd5 10. Nf3 Nc6 11. O-O Bf5 12. d4 e4 13. Ne5 Rc8 
14. Qb3 Qc7 15. Nxc6 Qxc6 16. Bd2 Qd7 
1/2-1/2

[Event "34th Chess Olympiad (men)"]
[Site "Istanbul"]
[Date "2000.10.29"]
[Round "2.25.1"]
[White "Mitkov, Nikola"]
[Black "Kasimdzhanov, Rustam"]
[WhiteElo "2532"]
[BlackElo "2690"]
[WhiteCountry "FRM"]
[BlackCountry "UZB"]
[Result "1/2-1/2"]

1. e4 e6 2. d4 d5 3. Nc3 Bb4 4. e5 c5 5. a3 Bxc3+ 6. bxc3 Ne7 7. Qg4 O-O 
8. Bd3 Nbc6 9. Nf3 f5 10. Qh3 Qa5 11. Bd2 Qa4 12. dxc5 Ng6 13. Qg3 Qg4 
14. O-O Qxg3 15. hxg3 Ncxe5 16. Nxe5 Nxe5 17. Rfe1 Nxd3 18. cxd3 Bd7 
19. Rab1 b6 20. Rxb6 Rf7 21. Bf4 Bc8 22. c4 Rc7 23. Bxc7 dxc4 24. dxc4 Kf7 
25. Rd1 Bb7 26. Bd6 
1/2-1/2

[Event "34th Chess Olympiad (men)"]
[Site "Istanbul"]
[Date "2000.10.29"]
[Round "2.25.2"]
[White "Yuldashev, Saydali"]
[Black "Nedev, Trajce"]
[WhiteElo "2515"]
[BlackElo "2487"]
[WhiteCountry "UZB"]
[BlackCountry "FRM"]
[Result "1/2-1/2"]

1. e4 c5 2. Nc3 Nc6 3. f4 g6 4. Nf3 Bg7 5. Bb5 Nd4 6. O-O a6 7. Bd3 d6 
8. Nd5 e6 9. Ne3 Ne7 10. c3 Nxf3+ 11. Qxf3 d5 12. a4 f5 13. exd5 exd5 
14. Re1 Be6 15. b3 O-O 16. Ba3 Rc8 17. Re2 Qd7 18. Rae1 Rfe8 19. Qf2 Bf7 
20. Nc2 d4 21. Nxd4 Bf6 22. Ne6 Qxd3 23. Nxc5 Qd5 24. c4 Qc6 25. Re6 Bxe6 
26. Rxe6 b6 27. Kf1 bxc5 28. Bxc5 Red8 29. Qe3 Kf7 30. g4 fxg4 31. f5 gxf5 
32. Qh6 Rd3 33. Qxh7+ Kxe6 34. Qg7 Rdd8 35. Bb6 Ke5 36. Qxg4 fxg4 37. Bxd8 Rxd8 
1/2-1/2

[Event "34th Chess Olympiad (men)"]
[Site "Istanbul"]
[Date "2000.10.29"]
[Round "2.26.1"]
[White "Milos, Gilberto"]
[Black "Nguyen, Anh"]
[WhiteElo "2633"]
[BlackElo "2487"]
[WhiteCountry "BRA"]
[BlackCountry "VIE"]
[Result "1/2-1/2"]

1. e4 e5 2. Nf3 Nc6 3. Bb5 a6 4. Ba4 Nf6 5. O-O Be7 6. Re1 b5 7. Bb3 O-O 
8. a4 Bb7 9. d3 d6 10. c3 Na5 11. Ba2 c5 12. Na3 Qd7 13. axb5 axb5 14. Bd2 c4 
15. Bg5 Qc6 16. d4 Rfd8 17. Nh4 g6 18. Qf3 Kg7 19. Rad1 Qe8 20. Bb1 Nb3 
21. Qh3 Ng8 22. Be3 Kh8 23. f4 exd4 24. cxd4 d5 25. exd5 Qd7 26. f5 Bxh4 
27. Qxh4 Qxd5 28. Qh3 Bc8 29. Bg5 Bxf5 30. Bxf5 gxf5 31. Bxd8 Rxd8 32. Qxf5 f6 
33. Qc8 Nc5 34. Kf2 Nd3+ 35. Kg3 Nxe1 36. Qb8 Nd3 37. Qe5 Nxe5 38. h3 Nh6 
1/2-1/2

[Event "34th Chess Olympiad (men)"]
[Site "Istanbul"]
[Date "2000.10.29"]
[Round "2.26.3"]
[White "Vescovi, Giovanni"]
[Black "Tu Hoang, Thai"]
[WhiteElo "2526"]
[BlackElo "2335"]
[WhiteCountry "BRA"]
[BlackCountry "VIE"]
[Result "0-1"]

1. e4 c5 2. Nf3 a6 3. c3 d5 4. exd5 Qxd5 5. d4 e6 6. Be2 Nf6 7. O-O cxd4 
8. cxd4 Nc6 9. Nc3 Qd8 10. Be3 Bd6 11. a3 O-O 12. Rc1 Bd7 13. Bg5 Be7 
14. Bf4 Rc8 15. Bd3 Qb6 16. Na4 Qa7 17. Nc5 Rfd8 18. b4 Be8 19. Qe2 Nd5 
20. Bd2 g6 21. Bc4 Qb8 22. Bh6 a5 23. Nxe6 fxe6 24. b5 Bxa3 25. Ra1 Bf8 
26. Bxf8 Kxf8 27. bxc6 Nf4 28. Qe3 Bxc6 29. Ne5 g5 30. h4 Qd6 31. hxg5 Qxd4 
32. Rad1 Qe4 33. Qc5+ Kg8 34. f3 Qf5 35. Rxd8+ Rxd8 36. Qe7 Rd2 37. Rf2 Qxe5 
38. Rxd2 Qe1+ 39. Kh2 Qh4+ 40. Kg1 Qe1+ 41. Kh2 Qxd2 42. Qxe6+ Kf8 43. Qf6+ Ke8 
44. Qh8+ Kd7 45. Qxh7+ Kd6 46. Qf5 Qd5 47. Qf6+ Kc5 48. g4 Nh3 49. Kxh3 Bd7 
50. Qc6+ Bxc6 51. Bb5 Kxb5 52. Kh4 Kc5 
0-1

[Event "34th Chess Olympiad (men)"]
[Site "Istanbul"]
[Date "2000.10.29"]
[Round "2.26.4"]
[White "To, Quoc Khanh"]
[Black "Lima, Darcy"]
[WhiteElo "2000"]
[BlackElo "2525"]
[WhiteCountry "VIE"]
[BlackCountry "BRA"]
[Result "1/2-1/2"]

1. e4 Nf6 2. Nc3 e5 3. f4 d5 4. fxe5 Nxe4 5. Nf3 Nc6 6. Bb5 Bc5 7. d4 Bb6 
8. Qe2 Bf5 9. O-O O-O 10. Be3 Bg4 11. Bxc6 bxc6 12. Qd3 Nxc3 13. Qxc3 Qd7 
14. a4 a5 15. Nd2 Qe6 16. h3 Bh5 17. Rae1 f6 18. Bf4 fxe5 19. Rxe5 Rxf4 
20. Rxe6 Rxd4 21. Nf3 Rf4+ 
1/2-1/2

[Event "34th Chess Olympiad (men)"]
[Site "Istanbul"]
[Date "2000.10.29"]
[Round "2.27.3"]
[White "Gallagher, Joseph G"]
[Black "Gunnarsson, Jon Viktor"]
[WhiteElo "2514"]
[BlackElo "2368"]
[WhiteCountry "SUI"]
[BlackCountry "ISL"]
[Result "1/2-1/2"]

1. e4 e5 2. f4 exf4 3. Nf3 Ne7 4. d4 d5 5. Qe2 Ng6 6. h4 h5 7. Nc3 dxe4 
8. Qxe4+ Qe7 9. Ne5 Nxe5 10. Nd5 Nd3+ 11. cxd3 Qxe4+ 12. dxe4 Bd6 13. e5 c6 
14. Nf6+ gxf6 15. exd6 Be6 16. Bxf4 Nd7 17. Be2 Nb6 18. Kd2 Nd5 19. Bh2 Kd7 
20. Bf3 Nb6 21. b3 Nc8 22. Rac1 Nxd6 23. Rc5 Bg4 24. Bxg4+ hxg4 25. Bxd6 Kxd6 
26. Rf5 Rh6 27. Rhf1 Ke6 28. g3 Rd8 29. Ke3 Rd6 30. Ke4 b6 31. b4 Ke7 
32. a4 Rh8 33. R5f4 Rg8 34. Rd1 Rd5 35. b5 Rd6 36. bxc6 Rxc6 37. d5 Rc3 
38. Rd3 Rc5 39. Kf5 Rd8 40. Rfd4 b5 41. axb5 Rxb5 42. Kxg4 a5 43. Kf5 a4 
44. Ke4 Ra5 45. Ra3 Kf8 46. d6 Ra6 47. d7 Ra7 48. Raxa4 Rxa4 49. Rxa4 Rxd7 
50. Kf5 Rd6 51. Rg4 Ke7 52. Re4+ Kf8 53. Rg4 Ra6 
1/2-1/2

[Event "34th Chess Olympiad (men)"]
[Site "Istanbul"]
[Date "2000.10.29"]
[Round "2.27.4"]
[White "Kristjansson, Stefan"]
[Black "Jenni, Florian"]
[WhiteElo "2281"]
[BlackElo "2440"]
[WhiteCountry "ISL"]
[BlackCountry "SUI"]
[Result "0-1"]

1. e4 e5 2. Nf3 Nc6 3. d4 exd4 4. Nxd4 Nf6 5. Nxc6 bxc6 6. e5 Qe7 7. Qe2 Nd5 
8. c4 Ba6 9. b3 O-O-O 10. g3 f6 11. Bg2 fxe5 12. O-O e4 13. Qd2 Nf6 14. Qa5 Kb7 
15. Ba3 Qe6 16. Nc3 Bxa3 17. Qxa3 Rhe8 18. Rfe1 Qf5 19. Re2 Re5 20. Rae1 Rde8 
21. Nd1 h5 22. Ne3 Qe6 23. Nc2 Nd5 24. Rd1 Nc3 25. Kh1 
0-1

[Event "34th Chess Olympiad (men)"]
[Site "Istanbul"]
[Date "2000.10.29"]
[Round "2.28.3"]
[White "Babula, Vlastimil"]
[Black "Frois, Antonio"]
[WhiteElo "2582"]
[BlackElo "2346"]
[WhiteCountry "CZE"]
[BlackCountry "POR"]
[Result "1-0"]

1. d4 d5 2. c4 e6 3. Nc3 Be7 4. Nf3 Nf6 5. Bg5 O-O 6. e3 h6 7. Bh4 b6 
8. Bd3 Bb7 9. O-O Nbd7 10. Qe2 Ne4 11. Bg3 c5 12. cxd5 exd5 13. Rad1 cxd4 
14. Bxe4 dxc3 15. Bxd5 Bxd5 16. Rxd5 Qc8 17. bxc3 Nf6 18. Rd3 Ne4 19. Be5 Qa6 
20. Nd4 Bf6 21. Bxf6 Nxf6 22. e4 Rfe8 23. f3 Rac8 24. Qd2 Rc4 25. Nf5 Ra4 
26. Ra1 Qc4 27. Kh1 Qc5 28. Re1 Qa5 29. Re2 Qa6 30. Rd4 Kh7 31. g4 Ra3 
32. g5 Nh5 33. Rd7 Rxc3 34. g6+ Kh8 35. Rxf7 Nf4 
1-0

[Event "34th Chess Olympiad (men)"]
[Site "Istanbul"]
[Date "2000.10.29"]
[Round "2.28.4"]
[White "Dias, Paulo"]
[Black "Oral, Tomas"]
[WhiteElo "2302"]
[BlackElo "2531"]
[WhiteCountry "POR"]
[BlackCountry "CZE"]
[Result "1/2-1/2"]

1. c4 c5 2. Nc3 Nc6 3. g3 g6 4. Bg2 Bg7 5. e3 e5 6. Nge2 d6 7. a3 Nge7 
8. O-O O-O 9. Rb1 a5 10. Nd5 Rb8 11. d3 Be6 12. Nec3 Qd7 13. Nb6 Qd8 
14. Nbd5 b6 15. h3 Qd7 16. Kh2 h5 17. Qa4 Rfd8 18. Nxe7+ Nxe7 19. Qxd7 Rxd7 
20. b4 axb4 21. axb4 cxb4 22. Rxb4 d5 23. Na4 Nc8 24. Nc5 Rd6 25. Nxe6 fxe6 
26. cxd5 exd5 27. Rb5 d4 28. Bd5+ Kh7 29. Be4 Rd8 30. Ba3 dxe3 31. fxe3 Nd6 
32. Bxd6 Rxd6 33. Rf7 Rc8 34. Rd5 Rc2+ 35. Kg1 Rc1+ 36. Kf2 Rxd5 37. Bxd5 Rc8 
38. Ke2 Rd8 39. Be4 Rd6 40. Re7 Kg8 41. Bb7 Bf6 42. Rc7 Bd8 43. Rc8 Kg7 
44. Ba6 h4 45. g4 Kf6 46. Kf3 Kg5 47. Ke4 Bf6 48. Bb5 Kh6 49. Rg8 Kh7 
50. Re8 Kh6 
1/2-1/2

[Event "34th Chess Olympiad (men)"]
[Site "Istanbul"]
[Date "2000.10.29"]
[Round "2.29.3"]
[White "Kurajica, Bojan"]
[Black "Solak, Dragan"]
[WhiteElo "2534"]
[BlackElo "2490"]
[WhiteCountry "BIH"]
[BlackCountry "YUG"]
[Result "1/2-1/2"]

1. d4 g6 2. Nf3 Bg7 3. g3 d6 4. Bg2 e5 5. dxe5 dxe5 6. Qxd8+ Kxd8 7. Na3 f6 
8. Bd2 Na6 9. O-O-O Ke7 10. Ne1 Nh6 11. Nd3 c6 12. f4 exf4 13. gxf4 Nf5 
14. Rhg1 Kf7 15. e4 Nd4 16. Kb1 Bg4 17. Rde1 Rad8 18. Nc4 Be6 19. Ne3 Rhe8 
20. Rgf1 Bc8 21. Bc1 Bf8 22. Nf2 Nc5 23. c3 Nde6 24. Nc2 Ng7 25. Be3 f5 
26. e5 Be6 27. Rd1 Bc4 28. Rg1 Be2 29. Rde1 Bc4 30. Rd1 Be2 31. Rde1 Bc4 
32. Rd1 
1/2-1/2

[Event "34th Chess Olympiad (men)"]
[Site "Istanbul"]
[Date "2000.10.29"]
[Round "2.29.4"]
[White "Kovacevic, Aleksandar"]
[Black "Dizdarevic, Emir"]
[WhiteElo "2513"]
[BlackElo "2527"]
[WhiteCountry "YUG"]
[BlackCountry "BIH"]
[Result "1/2-1/2"]

1. e4 c6 2. d4 d5 3. exd5 cxd5 4. c4 Nf6 5. Nc3 Nc6 6. Bg5 Qa5 7. a3 dxc4 
8. d5 Ne4 9. Qd2 Ne5 10. Qd4 Qc7 11. Nb5 Qa5+ 12. Nc3 Qc7 13. Nb5 Qa5+ 
1/2-1/2

[Event "34th Chess Olympiad (men)"]
[Site "Istanbul"]
[Date "2000.10.29"]
[Round "2.30.1"]
[White "Wu, Shaobin"]
[Black "Mikhalchishin, Adrian"]
[WhiteElo "2523"]
[BlackElo "2544"]
[WhiteCountry "SIN"]
[BlackCountry "SLO"]
[Result "1/2-1/2"]

1. d4 d5 2. Nf3 e6 3. c4 dxc4 4. e3 c5 5. Bxc4 a6 6. O-O Nf6 7. dxc5 Bxc5 
8. Qxd8+ Kxd8 9. b3 Ke7 10. Bb2 Nbd7 11. Nbd2 b6 12. Be2 Bb7 13. Rac1 Rac8 
14. Nc4 Rc7 15. a3 a5 16. Nfe5 Rhc8 
1/2-1/2

[Event "34th Chess Olympiad (men)"]
[Site "Istanbul"]
[Date "2000.10.29"]
[Round "2.30.2"]
[White "Pavasovic, Dusko"]
[Black "Wong, Meng-Kong"]
[WhiteElo "2523"]
[BlackElo "2507"]
[WhiteCountry "SLO"]
[BlackCountry "SIN"]
[Result "1-0"]

1. e4 e5 2. Nf3 Nc6 3. d4 exd4 4. Nxd4 Bc5 5. Nxc6 Qf6 6. Qd2 dxc6 7. Nc3 Bd7 
8. Bd3 O-O-O 9. Na4 Bd4 10. O-O c5 11. Qa5 Qc6 12. Bf4 c4 13. Be2 Kb8 
14. Rad1 b6 15. Qd5 Qxd5 16. exd5 Bf6 17. Nc3 Bxc3 18. bxc3 Bb5 19. Bh5 Kb7 
20. d6 cxd6 21. Bxf7 Nh6 22. Bxh6 gxh6 23. Rfe1 Rhf8 24. Re7+ Rd7 
25. Rxd7+ Bxd7 26. Bxc4 Kc6 27. Bd5+ Kc5 28. Be4 Be6 29. Bxh7 Bxa2 30. Ra1 Re8 
31. f4 Re7 32. Bd3 Bf7 33. g4 a5 34. Kf2 d5 35. h4 d4 36. f5 dxc3 37. g5 hxg5 
38. hxg5 Ra7 39. g6 Bg8 40. f6 a4 41. Ke3 b5 42. Rf1 Ra8 43. f7 Bxf7 
44. gxf7 Rf8 45. Rf5+ Kb4 46. Kd4 a3 47. Rxb5+ Ka4 48. Rb7 a2 49. Ra7+ Kb4 
50. Bc4 
1-0

[Event "34th Chess Olympiad (men)"]
[Site "Istanbul"]
[Date "2000.10.29"]
[Round "2.30.3"]
[White "Chan, Peng-Kong"]
[Black "Sermek, Drazen"]
[WhiteElo "2395"]
[BlackElo "2514"]
[WhiteCountry "SIN"]
[BlackCountry "SLO"]
[Result "1/2-1/2"]

1. d4 Nf6 2. c4 c5 3. d5 b5 4. cxb5 a6 5. bxa6 g6 6. Nc3 Bxa6 7. Nf3 d6 
8. e4 Bxf1 9. Kxf1 Nbd7 10. g3 Bg7 11. Kg2 O-O 12. Re1 Qa5 13. e5 Ng4 
14. exd6 exd6 15. Bf4 Rfb8 16. Re2 Nge5 17. Nxe5 Bxe5 18. Rc1 Rb4 19. Rcc2 Rab8 
20. Red2 Rd8 21. b3 c4 22. bxc4 Rxc4 23. Ne2 Rdc8 24. Rxc4 Rxc4 25. Ng1 Rc5 
26. Nf3 Bc3 27. Rd3 h6 
1/2-1/2

[Event "34th Chess Olympiad (men)"]
[Site "Istanbul"]
[Date "2000.10.29"]
[Round "2.30.4"]
[White "Grosar, Aljosa"]
[Black "Leong, Chee"]
[WhiteElo "2447"]
[BlackElo "2000"]
[WhiteCountry "SLO"]
[BlackCountry "SIN"]
[Result "1-0"]

1. e4 e6 2. d4 d5 3. e5 c5 4. c3 Qb6 5. Nf3 Bd7 6. a3 c4 7. Nbd2 Nc6 
8. Be2 Nge7 9. Bxc4 Na5 10. Bd3 Bb5 11. Qe2 Bxd3 12. Qxd3 Rc8 13. O-O h6 
14. Re1 g5 15. h3 Ng6 16. b4 Nf4 17. Qf1 Nc6 18. g3 Ng6 19. Qd3 Nce7 20. c4 Qc6 
21. cxd5 Nxd5 22. Ne4 Qc4 23. Qxc4 Rxc4 24. Bd2 b6 25. Rad1 Rc1 26. Rxc1 Kd7 
27. Kf1 Be7 28. Ke2 Rf8 29. Nh2 f5 30. Nf6+ Bxf6 31. Be3 Nde7 32. Nf3 Nd5 
33. Nd2 Be7 34. Nc4 Bd6 35. h4 Nxe3 36. fxe3 b5 37. hxg5 Rf7 38. Nd2 hxg5 
39. Kd3 Bc5 40. Ne4 a6 41. Nc3 Bd6 42. e4 Kc6 
1-0

[Event "34th Chess Olympiad (men)"]
[Site "Istanbul"]
[Date "2000.10.29"]
[Round "2.31.2"]
[White "Valenzuela, Luis"]
[Black "Gulko, Boris F"]
[WhiteElo "2426"]
[BlackElo "2643"]
[WhiteCountry "CHI"]
[BlackCountry "USA"]
[Result "1/2-1/2"]

1. d4 e6 2. c4 Bb4+ 3. Nd2 b6 4. Nf3 Bb7 5. e3 f5 6. a3 Bxd2+ 7. Qxd2 Nf6 
8. b4 O-O 9. Bb2 a5 10. Be2 Ne4 11. Qc2 Ng5 12. Rd1 axb4 13. axb4 Qe7 
14. O-O Bxf3 15. gxf3 Qxb4 16. d5 Ra2 17. Rb1 Na6 18. Qc1 Qe7 19. Ra1 Rxa1 
20. Qxa1 Nc5 21. f4 Nge4 22. Qd1 d6 23. f3 Nf6 24. Qd4 Ra8 25. Rf2 Ncd7 
26. Rg2 Re8 27. Kf2 e5 28. fxe5 dxe5 29. Qc3 Nh5 30. Kf1 Qh4 31. Qc2 Rf8 
32. Ba3 Nc5 33. Qb2 Re8 34. Qb5 Qe7 35. Qc6 Nf6 36. Bd1 Qd6 37. Qb5 Ra8 
38. Ra2 Qd7 39. Qb1 Ra5 40. Bb4 Rxa2 41. Qxa2 f4 42. exf4 exf4 43. Qe2 Kf7 
44. Bc2 c6 45. dxc6 Qxc6 46. Bc3 Ne6 47. Kg2 Qc5 48. Bxf6 Kxf6 49. Bxh7 Qe3 
50. Qc2 Ke7 51. Be4 
1/2-1/2

[Event "34th Chess Olympiad (men)"]
[Site "Istanbul"]
[Date "2000.10.29"]
[Round "2.32.2"]
[White "Matsuo, Tomohiko"]
[Black "Abera, Yimam"]
[WhiteElo "2186"]
[BlackElo "2000"]
[WhiteCountry "JPN"]
[BlackCountry "ETH"]
[Result "1-0"]

1. e4 c5 2. Nf3 e6 3. d4 cxd4 4. Nxd4 Nf6 5. Nc3 d6 6. Bg5 Be7 7. Qd2 a6 
8. O-O-O O-O 9. f4 b5 10. Bd3 Bb7 11. e5 Nd5 12. Bxe7 Qxe7 13. Ne4 dxe5 
14. fxe5 Nd7 15. Nf3 Rfd8 16. Rhe1 Nb4 17. Nd6 Nxd3+ 18. Qxd3 Bd5 19. Ne4 Bc4 
20. Qe3 Bxa2 21. Nc3 Bc4 22. b3 Qa3+ 23. Kb1 b4 24. Ne4 Bd5 25. Nd6 a5 
26. Nb5 a4 27. Nxa3 bxa3 28. Rxd5 exd5 29. e6 Nf6 30. exf7+ Kh8 31. Ka2 Rdc8 
32. Nd4 Ne4 33. c4 axb3+ 34. Nxb3 Nf6 35. cxd5 h6 36. d6 Rc2+ 37. Ka1 a2 
38. Qe8+ Nxe8 39. f8Q+ 
1-0

[Event "34th Chess Olympiad (men)"]
[Site "Istanbul"]
[Date "2000.10.29"]
[Round "2.32.3"]
[White "Hailu, Wossenyelew"]
[Black "Sasaki, Katsumi"]
[WhiteElo "2000"]
[BlackElo "2171"]
[WhiteCountry "ETH"]
[BlackCountry "JPN"]
[Result "1-0"]

1. d4 d5 2. c4 c6 3. Nf3 Nf6 4. Nc3 dxc4 5. a4 Bf5 6. e3 e6 7. Bxc4 Bb4 
8. O-O Nbd7 9. h3 O-O 10. Nh4 Bg6 11. Nxg6 hxg6 12. Qc2 Qe7 13. e4 e5 
14. d5 Nb6 15. Bb3 Rfc8 16. a5 Nbd7 17. a6 Nc5 18. axb7 Qxb7 19. dxc6 Rxc6 
20. Bd5 Nxd5 21. Nxd5 a5 22. Be3 Rac8 23. Qc4 Ne6 24. Qb3 Nc5 25. Qc4 Ne6 
26. Qa2 Rc2 27. Qb3 Qb8 28. Ra4 Bd6 29. Nb6 Nd4 30. Bxd4 exd4 31. Rxa5 Bh2+ 
32. Kh1 Rxf2 33. Rd1 Qb7 34. Kxh2 Qxe4 35. Qg3 Rcc2 36. Rg1 Rxb2 37. Nc4 Rbc2 
38. Re5 Qc6 39. Na5 Qd7 40. Nb3 
1-0